000 02061nam0a2200301 i 4500
001 RU\NLR\BIBL_A\011263106
005 20260405183919.0
010 _a9785783113321
_9150
021 _aRU
_b2016-81159
_95299
035 _a(NLR Aleph) 011263106
090 _a12227718
_c12227718
100 _a20161108d2015 u y0rusy50 ca
101 0 _arus
102 _aRU
105 _ay z 000zy
200 1 _aМатематические методы решения задач электродинамики
_eучебное пособие
_eдля студентов высшего профессионального образования, обучающихся по направлению подготовки 18.03.02 "Энерго- и ресурсосберегающие процессы в химической технологии и биотехнологии"
_fН.С. Шулаев, Т.В. Григорьева, Е.А. Муравьева [и др.]
_gМ-во образования и науки Рос. Федерации, Федер. гос. бюджет. образоват. учреждение высш. проф. образования "Уфим. гос. нефтяной техн. ун-т", Фил. УГНТУ в г. Стерлитамаке
210 _aУфа
_cУГНТУ
_d2015
215 _a87 с.
_cил.
_d21
320 _aБиблиогр.: с. 86-87 (27 назв.)
606 _aВекторный анализ
_jУчебные издания для высших учебных заведений
_xПрименение в электродинамике
_92583040
_3RU\NLR\AUTH\661526881
686 1 _aВ313.2я73-1
701 1 _aШулаев
_bН. С.
_gНиколай Сергеевич
701 1 _8rus
_7ca
_aГригорьева
_bТ. В.
_cканд. пед. наук, мат. методы в экономике
_gТамара Владимировна
_3RU\NLR\AUTH\7780459
_963387
701 1 _aМуравьева
_bЕ. А.
_gЕлена Александровна
942 _cBOOK
980 _aNBR